00531nam a2200157Ia 4500003000500000005001700005008004100022050002200063100002300085245009500108260008400203300002800287521002700315942001200342999001900354sisc20180130165615.0140724s9999 xx 000 0 und d aTP 1b.Sh556 2017 aShinoda, Jerome C. aAlphastar educational centre automated enrollment and grading system /cJerome C. Shinoda. aLas Piñas, Philippines :bSouthville International School and Colleges,c2017 a40 p. :bill. ;c28 cm. aInformation Technology cTH2lcc c354631d354631